000 00762nam a2200241 a 4500
001 BRCA_6334
005 20190320205421.0
008 120811s1916----gw-#######---#000-0#ger-#
041 _ager
044 _agw
050 4 _aQ175
_b.D8 1916
100 1 _aDu Bois-Reymond, Emil Heinrich
_d1818-1896.
_915883
245 1 0 _aUber die Grenzen des Naturerkennens
_bDie sieben Welträtsel.
_cvon Emil Du Bois-Reymond.
260 _aLeipzig
_bVon Veit
_c1916
300 _a120 p.
_c21 cm.
500 _aDes ersten Vortrages elfte, der zwei Vortrage siebente, mit der dritten ubereinstimmende Auflage
500 _aL190
650 1 4 _aCiencia
_xFilosofĂ­a
_915884
650 1 4 _aMaterialismo
_915885
650 1 4 _aMente y cuerpo
_915886
902 _aGFM
942 _2lcc
_cB
999 _c6020
_d6020